ՀՀ Գիտությունների ազգային ակադեմիայի հիմնարար գիտական գրադարան  =   Fundamental Scientific Library of NAS RA

Торий : (Record no. 463307)

MARC details
000 -LEADER
fixed length control field 01121nam a2200217 a 4500
001 - CONTROL NUMBER
control field 000192796
003 - CONTROL NUMBER IDENTIFIER
control field AM-YeHGA
005 - DATE AND TIME OF LATEST TRANSACTION
control field 20250617160950.0
008 - FIXED-LENGTH DATA ELEMENTS--GENERAL INFORMATION
fixed length control field 990717s1962 ||||||||||||||||||||rus d
040 ## - CATALOGING SOURCE
Original cataloging agency AM-YeHGA
090 ## - LOCALLY ASSIGNED LC-TYPE CALL NUMBER (OCLC); LOCAL CALL NUMBER (RLIN)
-- 466496
245 00 - TITLE STATEMENT
Title Торий :
Remainder of title Труды конференции по торию, созванной 11 октября 1956 г. в г. Кливленде комиссией по атомной энергии США и Американским обществом металловедения /
Statement of responsibility, etc. Пер. О.А. Алексеева и др. ; Под ред. Г.А. Меерсона.
246 34 - VARYING FORM OF TITLE
Title proper/short title The Metal Thorium
260 ## - PUBLICATION, DISTRIBUTION, ETC.
Place of publication, distribution, etc. Москва :
Name of publisher, distributor, etc. Госатомиздат ,
Date of publication, distribution, etc. 1962.
300 ## - PHYSICAL DESCRIPTION
Extent 302 с.
550 ## - ISSUING BODY NOTE
Issuing body note Комиссия по атомной энергии США и Американское общество металловедения
650 14 - SUBJECT ADDED ENTRY--TOPICAL TERM
Topical term or geographic name entry element Торий
700 1# - ADDED ENTRY--PERSONAL NAME
Personal name Алексеев, О.А.
Relator term пер.
Relationship trl
700 1# - ADDED ENTRY--PERSONAL NAME
Personal name Меерсон, Г.А.
Relator term ред.
Relationship edt
711 2# - ADDED ENTRY--MEETING NAME
Meeting name or jurisdiction name as entry element Конференция по торию
Date of meeting or treaty signing (11 октября 1956 г. :
Location of meeting Кливленд)
Holdings
Withdrawn status Lost status Source of classification or shelving scheme Damaged status Not for loan Collection Home library Current library Date acquired Total checkouts Full call number Barcode Date last seen Price effective from Koha item type Public note
    Universal Decimal Classification     General Fundamental Scientific Library Fundamental Scientific Library 25/01/2018   PIII/9084 FL0472607 25/01/2018 25/01/2018 Գրքեր / Books 30 Days Loan
    Universal Decimal Classification     General Fundamental Scientific Library Fundamental Scientific Library 25/01/2018   РIII/9120 FL0472679 25/01/2018 25/01/2018 Գրքեր / Books 30 Days Loan
    Universal Decimal Classification     General Fundamental Scientific Library Fundamental Scientific Library 25/01/2018   РIII/9119 FL0472678 25/01/2018 25/01/2018 Գրքեր / Books 30 Days Loan


ՀՀ ԳԱԱ հիմնարար գիտական գրադարան
ՀՀ,Երևան 0019
Մարշալ Բաղրամյան 24/6
հեռախոս:(374-10) 52-47-50
Հետադարձ կապ

All site content, except where otherwise noted, is licensed under a
Creative Commons License